[Event "12th Open"]
[Site "Creon FRA"]
[Date "2007.07.30"]
[Round "1"]
[White "Vervelle,S"]
[Black "Meera,S"]
[Result "0-1"]
[WhiteElo "1893"]
[BlackElo "2191"]

1.e4 c5 2.Nf3 d6 3.d4 cxd4 4.Nxd4 Nf6 5.Nc3 a6 6.f3 e5 7.Nb3 Be6 8.Be3 Be7
9.Qd2 O-O 10.O-O-O Qc7 11.g4 Rc8 12.h4 d5 13.exd5 Nxd5 14.Nxd5 Bxd5 15.Rh3 a5
16.Kb1 a4 17.Nc1 a3 18.Nb3 axb2 19.Kxb2 Bb4 20.Qd3 Bc3+ 21.Kb1 Bxb3 22.cxb3 Rxa2
23.Qc4 Qxc4 24.Bxc4 Ra1+ 25.Kc2 b5 26.Rxa1 Bxa1 27.Kb1 bxc4 28.Kxa1 c3 29.Rh2 Na6
30.Ka2 c2 31.Kb2 Nb4  0-1

[Event "12th Open"]
[Site "Creon FRA"]
[Date "2007.07.31"]
[Round "3"]
[White "Vervelle,S"]
[Black "Metras,D"]
[Result "0-1"]
[WhiteElo "1893"]
[BlackElo "2079"]

1.e4 c5 2.Nf3 d6 3.d4 cxd4 4.Nxd4 Nf6 5.Nc3 a6 6.f3 Qc7 7.Be3 e6 8.Qd2 Be7
9.O-O-O b5 10.Nb3 Bb7 11.g4 Nc6 12.h4 Ne5 13.Rh3 Rc8 14.g5 Nfd7 15.f4 b4
16.Bd4 bxc3 17.Rxc3 Nc6 18.Bxg7 Rg8 19.Bh6 Nc5 20.Nxc5 dxc5 21.f5 Nb4 22.Bc4 Rd8
23.Qf2 Rxd1+ 24.Kxd1 Qe5 25.f6 Bd6 26.a3 Nc6 27.Bd3 Nd4 28.Qf1 Kd7 29.Bxa6 Rb8
30.Bxb7 Rxb7 31.Qa6 Qxe4 32.Qa4+ Rb5 33.Qa7+ Bc7  0-1

[Event "Open NK"]
[Site "Dieren NED"]
[Date "2007.07.31"]
[Round "7"]
[White "Haast,A"]
[Black "Van Roosmalen,S"]
[Result "1-0"]
[WhiteElo "2001"]
[BlackElo "2240"]

1.e4 c5 2.Nf3 d6 3.d4 cxd4 4.Nxd4 Nf6 5.Nc3 a6 6.Be3 Ng4 7.Bc1 Nf6 8.f3 e6
9.Be3 Be7 10.Qd2 O-O 11.O-O-O Nc6 12.g4 Nxd4 13.Bxd4 b5 14.g5 Nd7 15.h4 b4
16.Ne2 a5 17.f4 Bb7 18.Ng3 e5 19.Be3 exf4 20.Bxf4 Ne5 21.Bd3 b3 22.Kb1 bxa2+
23.Ka1 Qc7 24.Nf5 Rfd8 25.h5 Bf8 26.g6 fxg6 27.hxg6 Nxg6 28.Qh2 Nxf4 29.Qxh7+ Kf7
30.Rdf1 d5 31.Rh4 dxe4 32.Rhxf4 Qxf4 33.Rxf4 exd3 34.Nxg7+ Ke7 35.Ne8+ Bg7
36.Qxg7+ Ke6 37.Qf7+  1-0

[Event "94th ch-GBR"]
[Site "Great Yarmouth ENG"]
[Date "2007.08.02"]
[Round "4"]
[White "Makepeace,P"]
[Black "Kosten,A"]
[Result "0-1"]
[WhiteElo "1978"]
[BlackElo "2508"]

1.e4 c5 2.Nf3 d6 3.d4 Nf6 4.Nc3 cxd4 5.Nxd4 a6 6.f3 e5 7.Nb3 Be6 8.Be3 Nbd7
9.Qd2 b5 10.a4 b4 11.Nd5 Bxd5 12.exd5 Nb6 13.Bxb6 Qxb6 14.Rd1 Be7 15.Qf2 Qc7
16.Bd3 O-O 17.Nd2 Nh5 18.g3 f5 19.Qe2 g6 20.O-O Bg5 21.Nc4 Rae8 22.Qe1 a5
23.c3 Rb8 24.f4 exf4 25.Qe6+ Kh8 26.Qxd6 Qa7+ 27.Kg2 fxg3 28.hxg3 bxc3 29.bxc3 Rfd8
30.Qe6 Re8 31.Qd6 Rbd8 32.Qc6 Rc8 33.Qb5 Rb8 34.Qc6 Rec8 35.Qe6 Nf6 36.Rb1 Re8
37.Rxb8 Qxb8 38.Qd6 Qb3 39.Ne5 Qxc3 40.Nf7+ Kg8 41.Nxg5 Qd2+ 42.Rf2 Qxg5
43.Re2 Rxe2+ 44.Bxe2 Ne4 45.Qe6+ Kg7 46.Qe5+ Qf6 47.Qc7+ Kh6 48.Qxa5 Qd4
49.Qe1 Qxd5 50.Kh2 Nd2 51.Qf2 Ne4 52.Qe3+ g5 53.Qb6+ Nd6 54.a5 Qd2 55.Qa6 f4
56.Qd3 fxg3+ 57.Kxg3 Qf4+ 58.Kg2 g4 59.Qg3 Qe4+ 60.Kf1 Nf5 61.Qg1 Ne3+ 62.Kf2 Qf4+
63.Ke1 Kg5 64.a6 Qb4+ 65.Kf2 Qc5 66.Ke1 h5 67.Qg3 h4 68.Qb8 Qc3+ 69.Kf2 g3+
70.Kf3 Nd5+ 71.Ke4 Nf6+  0-1

[Event "ch-LIB"]
[Site "Beirut LIB"]
[Date "2007.08.03"]
[Round "9"]
[White "Chahine,A"]
[Black "Ghassan,H"]
[Result "1-0"]
[WhiteElo "2053"]
[BlackElo "2013"]

1.e4 c5 2.Nf3 d6 3.d4 cxd4 4.Nxd4 Nf6 5.Nc3 a6 6.f3 g6 7.Be3 Bg7 8.Qd2 O-O
9.O-O-O Nc6 10.g4 Ne5 11.h4 b5 12.h5 Nexg4 13.fxg4 Bxg4 14.Be2 b4 15.Nd5 Nxe4
16.Qe1 Bxe2 17.Nxe2 e6 18.hxg6 fxg6 19.Ndf4 Qa5 20.Kb1 Bxb2 21.Kxb2 Qa3+
22.Ka1 Qxe3 23.Rd3 Qf2 24.Qxb4 Rxf4 25.Nxf4 Qxf4 26.Qb7 Qe5+ 27.c3 Rd8 28.Qxh7+ Kf8
29.Rf3+ Nf6 30.Qh8+ Ke7 31.Qg7+ Ke8 32.Rh8+  1-0

[Event "Valoz Cup GMA"]
[Site "Olomouc CZE"]
[Date "2007.08.04"]
[Round "5"]
[White "Grandelius,N"]
[Black "Sulypa,A"]
[Result "1/2-1/2"]
[WhiteElo "2271"]
[BlackElo "2478"]

1.e4 c5 2.Nf3 d6 3.d4 cxd4 4.Nxd4 Nf6 5.Nc3 a6 6.f3 e6 7.Be3 b5 8.Qd2 Bb7
9.g4 Nfd7 10.a4 bxa4 11.Be2 a3 12.Rxa3 h5 13.g5 g6 14.Ra2 Be7 15.O-O O-O
16.Rfa1 Qc7 17.Ndb5 Qc6 18.Na7 Qc7 19.Nab5 Qc6 20.Na7 Qc7  1/2-1/2

[Event "Ave-Kontakt Cup IMC"]
[Site "Olomouc CZE"]
[Date "2007.08.05"]
[Round "6"]
[White "Smith,Ax"]
[Black "Blazkova,P"]
[Result "1-0"]
[WhiteElo "2284"]
[BlackElo "2255"]

1.e4 c5 2.Nf3 d6 3.d4 cxd4 4.Nxd4 Nf6 5.Nc3 a6 6.f3 e6 7.Be3 b5 8.Qd2 Nbd7
9.O-O-O Bb7 10.g4 Nb6 11.Qf2 Nfd7 12.Kb1 Rc8 13.Nce2 Be7 14.h4 O-O 15.g5 Nc4
16.Bc1 Qb6 17.Bh3 Rfd8 18.Qg2 Nf8 19.h5 b4 20.g6 Bf6 21.gxf7+ Kxf7 22.Rhg1 Qc5
23.Bg5 Qxg5 24.Qxg5 Bxg5 25.Rxg5 Rc7 26.Nf4 Bc8 27.Bxe6+ Bxe6 28.Rxg7+ Kxg7
29.Nfxe6+ Nxe6 30.Nxe6+ Kf6 31.Nxc7 a5 32.Nb5 Ke5 33.b3 Ne3 34.Re1 Ng2 35.Rg1 Rg8
36.Na7 Kf4 37.Nc6 Kxf3 38.Nxa5 Kf2 39.Rd1 Ne3 40.Rh1 Nf1 41.h6 Nd2+ 42.Kb2 Nxe4
43.Nc6 Ng3 44.Rh2+ Kg1 45.Rh4 Nf5 46.Rxb4 Nxh6 47.Rh4 Rg6 48.Nb8 Kg2 49.Nd7 Kg3
50.Rh1 Kf4 51.Nf8 Rf6 52.Rf1+  1-0

[Event "HZ Open"]
[Site "Vlissingen NED"]
[Date "2007.08.05"]
[Round "3"]
[White "Jap Tjoen San,L"]
[Black "Foo,B"]
[Result "1-0"]
[WhiteElo "2199"]
[BlackElo "1840"]

1.e4 c5 2.Nf3 d6 3.d4 cxd4 4.Nxd4 Nf6 5.Nc3 a6 6.f3 e5 7.Nb3 Be6 8.Be3 Be7
9.Qd2 Nc6 10.O-O-O b5 11.g4 Rc8 12.Kb1 Qc7 13.g5 Nd7 14.Nd5 Bxd5 15.exd5 Nd4
16.Bxd4 Bxg5 17.Qe2 O-O 18.Bc3 f5 19.h4 Bf4 20.Bh3 Rce8 21.Rhg1 Nb6 22.Ba5 Qb7
23.Qd3 e4 24.fxe4 fxe4 25.Qd4 Nc4 26.Be6+ Rxe6 27.dxe6 Be3 28.Qc3 Bxg1 29.Rxg1 e3
30.Qd3 Rf4 31.Bc3 Rxh4 32.e7 Qxe7 33.Qd5+ Kf8 34.Qa8+ Qe8 35.Bxg7+ Kf7 36.Rf1+ Ke7
37.Bf6+  1-0

[Event "12th WY U16 Ol"]
[Site "Singapore SIN"]
[Date "2007.08.08"]
[Round "6"]
[White "Firat,B"]
[Black "Shyam,N"]
[Result "0-1"]
[WhiteElo "2113"]
[BlackElo "2325"]

1.e4 c5 2.Nf3 d6 3.d4 cxd4 4.Nxd4 Nf6 5.Nc3 a6 6.f3 e5 7.Nb3 Be7 8.Be3 Be6
9.Qd2 Nbd7 10.O-O-O b5 11.g4 Nb6 12.g5 Nfd7 13.Nd5 Bxd5 14.exd5 Rc8 15.Rg1 Nc4
16.Qe1 Ndb6 17.Kb1 Nxe3 18.Qxe3 Nc4 19.Bxc4 Rxc4 20.Nd2 Rf4 21.Ne4 Qd7 22.Rg3 h6
23.gxh6 g6 24.Qb6 Rxh6 25.Qxa6 Rxh2 26.Qa8+ Qd8 27.Qc6+ Kf8 28.Qxb5 Bh4 29.Rgg1 Rxf3
30.a4 Rf4 31.Nc3 Rff2 32.Rc1 Bg5 33.Rxg5 Qxg5 34.Qb8+ Kg7 35.Ne4 Qxc1+  0-1

[Event "12th WY U16 Ol"]
[Site "Singapore SIN"]
[Date "2007.08.10"]
[Round "8"]
[White "Firat,B"]
[Black "Maulana,Y"]
[Result "1/2-1/2"]
[WhiteElo "2113"]
[BlackElo "2032"]

1.e4 c5 2.Nf3 d6 3.d4 cxd4 4.Nxd4 Nf6 5.Nc3 a6 6.f3 e5 7.Nb3 Be7 8.Be3 O-O
9.Qd2 Be6 10.O-O-O Nbd7 11.g4 b5 12.g5 b4 13.Ne2 Ne8 14.f4 a5 15.f5 a4 16.fxe6 axb3
17.exf7+ Rxf7 18.Kb1 bxc2+ 19.Kxc2 Nb6 20.Nc1 d5 21.exd5 Nd6 22.Kb1 Nbc4
23.Bxc4 Nxc4 24.Qe2 Nxe3 25.g6 hxg6 26.Qxe3 Bg5 27.Qb3 Qd6 28.Nd3 e4 29.Nxb4 e3
30.a3 Re8 31.Rde1 e2 32.Qc2 Qe5 33.h4 Bf4 34.Nd3 Qxd5 35.Nxf4 Rxf4 36.Rhg1 Qe4
37.Qxe4 Rfxe4 38.Rxg6 Rxh4 39.Rg2 Rhe4 40.Kc2 R8e5 41.Kd3 Re3+ 42.Kd2 Rb3
43.Rexe2 Rxb2+ 44.Ke1 Rb1+  1/2-1/2

[Event "Open"]
[Site "Callao PER"]
[Date "2007.08.12"]
[Round "7"]
[White "Matsuura,E"]
[Black "Cabrera Huaman,A"]
[Result "1-0"]
[WhiteElo "2505"]
[BlackElo "2268"]

1.e4 c5 2.Nf3 d6 3.d4 cxd4 4.Nxd4 Nf6 5.Nc3 a6 6.f3 e6 7.Be3 b5 8.Qd2 Nbd7
9.g4 Nb6 10.Bd3 Bb7 11.Qf2 Nfd7 12.O-O-O Rc8 13.Nce2 d5 14.e5 Bc5 15.f4 O-O
16.g5 Nc4 17.Qh4 g6 18.Bf2 Qa5 19.Kb1 Nxb2 20.Kxb2 Bb4 21.Be1 Nb6 22.Ka1 Na4
23.Nb3 Bxe1 24.Nxa5 Bxh4 25.Nxb7 Bf2 26.h4 Rc7 27.Na5 Rfc8 28.Nb3 Bb6 29.h5 Kg7
30.hxg6 hxg6 31.Rh6 Rh8 32.Rdh1 Rcc8 33.Ned4 Rce8 34.Nxb5 axb5 35.Bxb5 Nc3
36.Bxe8 Rxe8 37.Rh7+ Kf8 38.Rh8+ Ke7 39.Rxe8+ Kxe8 40.Kb2 Ne2 41.Rf1 Kd7
42.c3 Ng3 43.Rf3 Ne4 44.Nd4 Ba5 45.Kc2 Ke8 46.Rh3 Kd7 47.Nb5 Kc6 48.a4 Nc5
49.Nd6 Nxa4 50.Nxf7 Kc5 51.Kb3 Nb6 52.Nd8 Nc4 53.Nxe6+ Kc6 54.Nf8 Nd2+ 55.Kc2 Ne4
56.Nxg6 Kd7 57.Rh7+ Ke6 58.Nf8+ Kf5 59.Rf7+ Kg4 60.g6  1-0

[Event "New England Masters"]
[Site "Peabody USA"]
[Date "2007.08.14"]
[Round "2"]
[White "Bournival,B"]
[Black "Shankar,G"]
[Result "1-0"]
[WhiteElo "2291"]
[BlackElo "2219"]

1.e4 c5 2.Nf3 d6 3.d4 cxd4 4.Nxd4 Nf6 5.Nc3 a6 6.f3 e5 7.Nb3 Be6 8.Be3 h5
9.Qd2 Nbd7 10.O-O-O b5 11.Kb1 Nb6 12.Qf2 Nc4 13.Bxc4 Bxc4 14.h3 h4 15.Rhe1 Nh5
16.Nd5 Bxd5 17.Rxd5 Qf6 18.f4 Nxf4 19.Bxf4 Qxf4 20.Qb6 Rd8 21.Qxa6 Be7 22.Qxb5+ Kf8
23.Qc4 Kg8 24.Rf1 Qg5 25.Rd2 Rf8 26.Rdf2 Kh7 27.Qe2 Bf6 28.Rf5 Qg3 29.R1f3 Qg6
30.Nd2 Rd8 31.c4 Rb8 32.Nf1 Rb7 33.Ne3 Rhb8 34.b3 Bg5 35.Nd5 f6 36.Rd3 Qe8
37.g3 Qa4 38.Qc2 Qa5 39.Qc3 Qa3 40.gxh4 Bh6 41.Qb2 Qc5 42.Qc2 Ra8 43.Rf1 Ra3
44.Rfd1 Ra4 45.Ka1 Ra6 46.Nc3 Be3 47.Rd5 Qc8 48.Nb5 Qxh3 49.R5d3 Qf3 50.Re1 Qf2
51.Re2 Qf1+ 52.Rd1 Qf4 53.a4 Bc5 54.h5 Rc6 55.Kb2 Qf3 56.Qd3 Qg4 57.Rdd2 Qe6
58.Qd5 Qc8 59.Rg2 Ra6 60.Rd3 Re7 61.Rdg3 Ra8 62.Rg6 Rb8 63.h6 gxh6 64.Rxf6 Qh3
65.Qd2 Rxb5 66.cxb5 Bd4+ 67.Ka2 Qh1 68.Rxh6+ Qxh6 69.Rh2 Re6 70.Rxh6+ Rxh6
71.b4 Rh3 72.a5 Rf3 73.b6 Rf2 74.Qxf2 Bxf2 75.b7 Ba7 76.b5 d5 77.b6 Bb8 78.a6 dxe4
79.a7  1-0

[Event "17th Chess Festival"]
[Site "Abu Dhabi UAE"]
[Date "2007.08.17"]
[Round "6"]
[White "El Arousy,A"]
[Black "Saric,A"]
[Result "1-0"]
[WhiteElo "2301"]
[BlackElo "2499"]

1.e4 c5 2.Nf3 d6 3.d4 cxd4 4.Nxd4 Nf6 5.Nc3 a6 6.f3 e5 7.Nb3 Be6 8.Be3 Be7
9.Qd2 O-O 10.g4 d5 11.Bc5 d4 12.Ne2 Nc6 13.Bxe7 Qxe7 14.Ng3 a5 15.a3 Nd7
16.Nf5 Bxf5 17.gxf5 a4 18.Nc1 g6 19.Qh6 Kh8 20.Bh3 Nf6 21.Nd3 b5 22.Rg1 Rg8
23.Ke2 b4 24.fxg6 fxg6 25.Qg5 bxa3 26.Rxa3 Ra5 27.Rga1 Rga8 28.b3 Nxe4 29.Qxe7 Nc3+
30.Kd2 Nxe7 31.Bg2 Rf8 32.b4 Rd5 33.Rxa4 Nxa4 34.Rxa4  1-0

[Event "Acropolis Open"]
[Site "Athens GRE"]
[Date "2007.08.17"]
[Round "4"]
[White "Lauridsen,Jesper"]
[Black "Grapsa,G"]
[Result "1-0"]
[WhiteElo "2223"]
[BlackElo "2076"]

1.e4 c5 2.Nf3 d6 3.d4 cxd4 4.Nxd4 Nf6 5.Nc3 a6 6.f3 e5 7.Nb3 Be6 8.Be3 Nbd7
9.Qd2 b5 10.g4 Nb6 11.g5 Nfd7 12.O-O-O Rc8 13.Kb1 Be7 14.h4 b4 15.Nd5 Bxd5
16.exd5 Nc4 17.Bxc4 Rxc4 18.Qd3 Rc8 19.Qxa6 O-O 20.Qa5 Rc7 21.Qxb4 Qc8 22.Na5 Rxc2
23.Nc6 Rxc6 24.dxc6 Qxc6 25.Qe4 Qa6 26.Qd3 Qc6 27.Qd5 Qa6 28.Rc1 Rb8 29.Rc2 Nf8
30.h5 Rb5 31.Qc6 Qxc6 32.Rxc6 d5 33.Rhc1 d4 34.Bd2 Ba3 35.Ra6 Bxb2 36.Rc8 d3
37.a4 Rb7 38.Ka2  1-0

[Event "20th Open"]
[Site "Panevezys LTU"]
[Date "2007.08.18"]
[Round "1"]
[White "Chocenka,D"]
[Black "Kytra,J"]
[Result "1-0"]
[WhiteElo "2298"]
[BlackElo "1722"]

1.e4 c5 2.Nf3 d6 3.d4 cxd4 4.Nxd4 Nf6 5.Nc3 a6 6.f3 e5 7.Nb3 Be6 8.Be3 Nbd7
9.Qd2 Be7 10.O-O-O b5 11.Qf2 Rb8 12.g4 b4 13.Nd5 Bxd5 14.exd5 a5 15.g5 Nh5
16.h4 a4 17.Nd2 Nb6 18.Bb5+ Kf8 19.Ne4 g6 20.Be2 Qc7 21.f4 Nxf4 22.Bxf4 exf4
23.Qd4 Kg8 24.h5 b3 25.axb3 axb3 26.c3 Ra8 27.h6  1-0

[Event "Open A"]
[Site "Polanica Zdroj POL"]
[Date "2007.08.18"]
[Round "2"]
[White "Butkiewicz,L"]
[Black "Kocwin,B"]
[Result "0-1"]
[WhiteElo "2269"]
[BlackElo "2204"]

1.e4 c5 2.Nf3 d6 3.d4 cxd4 4.Nxd4 Nf6 5.Nc3 a6 6.f3 e5 7.Nb3 Be6 8.Be3 Nbd7
9.g4 Be7 10.Qd2 O-O 11.O-O-O b5 12.g5 b4 13.Ne2 Ne8 14.h4 a5 15.Kb1 Nc7 16.f4 a4
17.Nbc1 exf4 18.Bxf4 b3 19.cxb3 axb3 20.a3 Nc5 21.Nc3 d5 22.Bxc7 Qxc7 23.Nxd5 Bxd5
24.exd5 Rfd8 25.Bg2 Ra4 26.Rh3 Qb6 27.Ne2 Qg6+ 28.Ka1 Rda8 29.Nc3 R4a5 30.d6 Qc2
31.Nb1 Rxa3+ 32.bxa3 Rxa3+  0-1

[Event "Dato Arthur Tan Malaysian Op"]
[Site "Kuala Lumpur MAS"]
[Date "2007.08.22"]
[Round "6"]
[White "Tindall,B"]
[Black "Mas,H"]
[Result "0-1"]
[WhiteElo "2258"]
[BlackElo "2372"]

1.e4 c5 2.Nf3 d6 3.d4 cxd4 4.Nxd4 Nf6 5.Nc3 a6 6.f3 e6 7.Be3 b5 8.Qd2 Bb7
9.O-O-O Nbd7 10.g4 Nb6 11.g5 Nfd7 12.Qf2 Rc8 13.h4 Rxc3 14.bxc3 Qc7 15.Bxb5 axb5
16.Nxb5 Qc6 17.Na7 Qxc3 18.Bxb6 Qa3+ 19.Kd2 d5 20.Rb1 Bb4+ 21.Kd1 Nxb6 22.Nb5 Bc5
23.Nxa3 Bxf2 24.Rh2 Bc5 25.Rb5 Bxa3 26.Rxb6 Bc8 27.e5 h6 28.f4 Kd7 29.Rh3 Bc5
30.Rb8 Kc7 31.Rb5 Kc6 32.Rb8 d4 33.gxh6 gxh6 34.Rg3 Ba7 35.Rbb3 Bd7 36.Rg7 Rf8
37.c3 h5 38.Ke2 dxc3 39.Rxc3+ Kd5 40.Rc7 Bb5+ 41.Kf3 Bc5 42.f5 Ra8 43.Kf4 Bd4
44.Rgxf7 Bxe5+ 45.Kg5 Bxc7 46.Rxc7 exf5 47.Kxf5 Rxa2 48.Kg5 Be2 49.Re7 Bg4
50.Re8 Rf2 51.Re7 Rf5+ 52.Kg6 Re5 53.Ra7 Ke4 54.Ra3 Kf4 55.Kf6 Re6+ 56.Kf7 Re3  0-1

[Event "Lady and Chess"]
[Site "Panevezys LTU"]
[Date "2007.08.22"]
[Round "4"]
[White "Doluhanova,E"]
[Black "Motoc,A"]
[Result "0-1"]
[WhiteElo "2218"]
[BlackElo "2289"]

1.e4 c5 2.Nf3 d6 3.d4 cxd4 4.Nxd4 Nf6 5.Nc3 a6 6.f3 e5 7.Nb3 Be6 8.Be3 Be7
9.Qd2 O-O 10.O-O-O a5 11.Bb5 Na6 12.Kb1 Nc7 13.Bb6 Qb8 14.a4 Rd8 15.Qf2 d5
16.exd5 Nfxd5 17.Nxd5 Rxd5 18.Rxd5 Bxd5 19.Rd1 Bxb3 20.cxb3 Nxb5 21.axb5 a4
22.Qc2 axb3 23.Qxb3 Qc8 24.g4 e4 25.fxe4 Qxg4 26.Qd5 h6 27.Rg1 Qe2 28.e5 Bg5
29.Bc7 Ra4 30.Rd1 Rb4  0-1

[Event "X Open"]
[Site "Banyoles ESP"]
[Date "2007.08.24"]
[Round "9"]
[White "Aroshidze,L"]
[Black "Ashwin,J"]
[Result "1-0"]
[WhiteElo "2470"]
[BlackElo "2399"]

1.e4 c5 2.Nf3 d6 3.d4 cxd4 4.Nxd4 Nf6 5.Nc3 a6 6.f3 e5 7.Nb3 Be6 8.Be3 Be7
9.Qd2 O-O 10.O-O-O a5 11.a4 Na6 12.g4 Nb4 13.Kb1 Nd7 14.h4 Nb6 15.Qf2 Nc4
16.Bxc4 Bxc4 17.Bb6 Qe8 18.Bxa5 Na2 19.Nxa2 Qxa4 20.Nc3 Qe8 21.Bb4 Ra6 22.Nd5 Bd8
23.Ba3 Qa4 24.Qd2 Bxb3 25.Nc3 Qc4 26.cxb3 Qxb3 27.Bxd6 Bg5 28.Qd5  1-0

[Event "Dato Arthur Tan Malaysian Op"]
[Site "Kuala Lumpur MAS"]
[Date "2007.08.24"]
[Round "7"]
[White "Bitoon,R"]
[Black "Dao Thien Hai"]
[Result "1/2-1/2"]
[WhiteElo "2399"]
[BlackElo "2537"]

1.e4 c5 2.Nf3 d6 3.d4 cxd4 4.Nxd4 Nf6 5.Nc3 a6 6.f3 e6 7.Be3 b5 8.Qd2 Nbd7
9.g4 Nb6 10.a4 Nc4 11.Bxc4 bxc4 12.a5 Bb7 13.Na4 d5 14.e5 Nd7 15.f4 Qc7  1/2-1/2

[Event "16th VR Bank Open"]
[Site "Apolda GER"]
[Date "2007.08.25"]
[Round "5"]
[White "Kliebe,H"]
[Black "Kuczynski,R"]
[Result "0-1"]
[WhiteElo "2082"]
[BlackElo "2490"]

1.e4 c5 2.Nf3 d6 3.d4 cxd4 4.Nxd4 Nf6 5.Nc3 a6 6.f3 e5 7.Nb3 Be7 8.Be3 Be6
9.Nd5 Nxd5 10.exd5 Bf5 11.Qd2 O-O 12.Be2 a5 13.O-O Nd7 14.Rad1 h6 15.Kh1 a4
16.Nc1 Qa5 17.c3 Bg6 18.g4 Rac8 19.Kg2 a3 20.b4 Qd8 21.Nb3 b6 22.Rc1 f5 23.h3 Bg5
24.Bxg5 Qxg5 25.Qxg5 hxg5 26.c4 fxg4 27.fxg4 Rf4 28.Rxf4 gxf4 29.g5 Bf5 30.Kf2 Kf7
31.h4 g6 32.Nd2 Rh8 33.h5 e4 34.Nb3 f3 35.h6 fxe2 36.Nd4 Ne5 37.Kxe2 Rc8
38.Nb5 Rd8 39.Nxa3 Nd3 40.Rh1 Nxb4 41.Nb5 Kg8 42.Rb1 Nc2 43.Nc3 Na3 44.Rxb6 Nxc4
45.Rb7 Re8 46.Rc7 Bg4+ 47.Ke1 Nb2 48.Rg7+ Kh8 49.Rxg6 e3 50.Rxd6 Nd3+ 51.Kf1 e2+
52.Nxe2 Bxe2+ 53.Kg1  0-1

[Event "Kalamaria Open"]
[Site "Thessaloniki GRE"]
[Date "2007.08.27"]
[Round "4"]
[White "Zawadzka,J"]
[Black "Parligras,M"]
[Result "1/2-1/2"]
[WhiteElo "2354"]
[BlackElo "2542"]

1.e4 c5 2.Nf3 d6 3.d4 cxd4 4.Nxd4 Nf6 5.Nc3 a6 6.f3 e6 7.Be3 b5 8.a4 b4 9.Na2 e5
10.Nb3 Nc6 11.Bc4 a5 12.O-O Be7 13.c3 bxc3 14.Nxc3 O-O 15.Qe2 Nb4 16.Rfd1 Be6
17.Rac1 Qb8 18.Nb5 d5 19.exd5 Nfxd5 20.Bxd5 Nxd5 21.Nc5 Nxe3 22.Qxe3 Qb6
23.Qf2 Rac8 24.Nxe6 Qxe6 25.Qa7 e4 26.fxe4 Rxc1 27.Rxc1 Qxe4 28.Qd4 Qe2 29.Qf2 Qg4
30.b3 Bg5 31.Rf1 Qe6 32.Qf3 Rd8 33.Kh1 Bf6 34.Na3 h6 35.Nc4 Rd5 36.h3 Bg5
37.Qg3 f5 38.Qe1 Qe4 39.Qxe4 fxe4 40.Re1 Bh4 41.g3 Bxg3 42.Rxe4 Kf7 43.Kg2 Bc7
44.Re3 g5 45.Kf3 h5 46.Ke4 Ke6 47.Rd3 Rxd3 48.Kxd3 Kd5 49.Ke3 Bd8 50.Kd3 Kc5
51.Ke4 Kb4 52.Kf5 Kxb3 53.Nxa5+ Bxa5 54.Kxg5 Kxa4 55.Kxh5  1/2-1/2

[Event "1st Serbian League Men"]
[Site "Zlatibor SRB"]
[Date "2007.08.29"]
[Round "8"]
[White "Leskur,D"]
[Black "Arsovic,G"]
[Result "1/2-1/2"]
[WhiteElo "2482"]
[BlackElo "2470"]

1.e4 c5 2.Nf3 d6 3.d4 cxd4 4.Nxd4 Nf6 5.Nc3 a6 6.f3 e5 7.Nb3 Be6 8.Be3 h5
9.Qd2 Nbd7 10.O-O-O Be7 11.Kb1 b5 12.Bd3 Qc7 13.h3 h4 14.f4 Rb8 15.Rhe1 Nb6
16.Qf2 b4 17.fxe5 dxe5 18.Bxb6 Rxb6 19.Ne2 a5 20.Nxa5 O-O 21.Nb3 Nh5 22.Qf3 g6
23.g4 Nf6 24.Qe3 Nh7 25.c4 Ra8 26.Nec1 Rc6 27.Bf1 Bxc4 28.Bxc4 Rxc4 29.Nd3 Bg5
30.Qf2 Nf6 31.Qg2 Rc8 32.Re2 Rxe4 33.Rxe4 Nxe4 34.Nxb4 Qc4 35.Qc2 Qxc2+ 36.Nxc2 Nf2
37.Re1 Bf4 38.Nb4 Nxh3 39.Nd5 Kg7 40.a4 Bg3 41.Rf1 Nf2 42.Nc1 h3 43.Ne2 Bh4
44.b4 h2 45.a5 h1=Q 46.Rxh1 Nxh1 47.b5 Bf2 48.Nec3 f5 49.gxf5 gxf5 50.b6 Rb8
51.Na4 f4 52.a6 Bxb6 53.Naxb6 f3 54.a7 Re8 55.a8=Q Rxa8 56.Nxa8 Kg6 57.Kc2 Ng3
58.Nab6 Kg5 59.Kd2 f2 60.Ne3 Kf4 61.Nbc4 e4 62.Nb2 Kf3 63.Nbd1 f1=Q 64.Nxf1 Nxf1+
65.Ke1 Ne3 66.Nc3 Ng2+ 67.Kf1 e3 68.Ne2 Nh4 69.Nc3 Ng6 70.Ke1 Nf4 71.Kf1 Nd3
72.Ne2 Nb4 73.Nc3 Nc2 74.Ne2 Ke4 75.Nc1 Na3 76.Ke2 Nb5 77.Ke1 Nd4 78.Kf1 Nb5
79.Ke2 Nc3+ 80.Kf1 Kf3 81.Ke1 Ne4 82.Kf1 Nc3 83.Ke1 Nb5 84.Kf1 Na3 85.Ke1 Ke4
86.Ke2 Nb1 87.Ke1 Nc3 88.Kf1 Kf3 89.Ke1 Nd5 90.Kf1 Ke4 91.Ke2 Kd4 92.Nb3+ Kc4
93.Nc1 Kc3 94.Nd3 Kd4 95.Nc1 Nf4+ 96.Kf3 Nd5 97.Ke2 Ke4 98.Ke1 Nf4 99.Kf1 Kd5
100.Ne2 Nd3 101.Nc3+ Kd4 102.Nd1 e2+ 103.Kxe2  1/2-1/2

[Event "XXII Open"]
[Site "Parla ESP"]
[Date "2007.09.02"]
[Round "2"]
[White "Sanchez Crespo,I"]
[Black "Rubio Mejia,L"]
[Result "1/2-1/2"]
[WhiteElo "1972"]
[BlackElo "2270"]

1.e4 c5 2.Nf3 d6 3.d4 cxd4 4.Nxd4 Nf6 5.Nc3 a6 6.f3 e5 7.Nb3 Be7 8.Be3 Be6
9.Qd2 O-O 10.O-O-O Qc7 11.g4 Rc8 12.g5 Nh5 13.Nd5 Bxd5 14.exd5 Nd7 15.Bh3 g6
16.Bg4 a5 17.Qd3 Nf4 18.Bxf4 exf4 19.Bxd7 Qxd7 20.h4 a4 21.Nd2 a3 22.b3 Bf8
23.Ne4 Bg7 24.h5 b5 25.Rh2 Rc7 26.Nf6+  1/2-1/2

[Event "29th Southern CA Open"]
[Site "Los Angeles USA"]
[Date "2007.09.03"]
[Round "6"]
[White "Abrahamyan,T"]
[Black "Bryant,J"]
[Result "0-1"]
[WhiteElo "2237"]
[BlackElo "2175"]

1.e4 c5 2.Nf3 d6 3.d4 cxd4 4.Nxd4 Nf6 5.Nc3 a6 6.f3 e5 7.Nb3 Be6 8.Be3 Be7
9.Qd2 O-O 10.O-O-O Nbd7 11.g4 b5 12.g5 b4 13.Ne2 Ne8 14.Ng3 a5 15.Kb1 Nb6
16.f4 a4 17.Nc1 exf4 18.Bxf4 b3 19.cxb3 axb3 20.a3 d5 21.Qf2 Nd6 22.Be3 Nbc4
23.Bd4 Qa5 24.Bxc4 Nxc4 25.Nh5 dxe4 26.Bxg7 e3 27.Qh4 Bf5+ 28.Nd3 Nxa3+ 29.bxa3 Qxa3  0-1

[Event "XXII Open"]
[Site "Parla ESP"]
[Date "2007.09.03"]
[Round "3"]
[White "Vazquez Gonzalez,F"]
[Black "Valderrama Arroyo,V"]
[Result "1-0"]
[WhiteElo "2105"]
[BlackElo "1898"]

1.e4 c5 2.Nf3 d6 3.d4 cxd4 4.Nxd4 Nf6 5.Nc3 a6 6.f3 b5 7.Be3 e5 8.Nb3 Be6
9.Qd2 Nbd7 10.O-O-O Nb6 11.Qf2 Nfd7 12.g4 h6 13.h4 Rc8 14.Kb1 Nc4 15.Bxc4 Bxc4
16.f4 b4 17.Nd5 Bxd5 18.exd5 a5 19.Nc1 a4 20.Rhf1 e4 21.Rd4 a3 22.Rxe4+ Be7
23.Bd4 axb2 24.Bxb2 O-O 25.g5 h5 26.Rfe1 Re8 27.Qe2 Kf8 28.Qxh5 Kg8 29.g6  1-0

[Event "LNA Copa Puma"]
[Site "Argentina ARG"]
[Date "2007.09.09"]
[Round "5"]
[White "Balzano,I"]
[Black "Harper,H"]
[Result "0-1"]
[WhiteElo "2030"]
[BlackElo "2120"]

1.e4 c5 2.Nf3 d6 3.d4 cxd4 4.Nxd4 Nf6 5.Nc3 a6 6.f3 e5 7.Nb3 Be6 8.Be3 Nbd7
9.Qd2 Be7 10.g4 Nb6 11.O-O-O Rc8 12.Qf2 Nc4 13.Bxc4 Rxc4 14.h4 Rxc3 15.bxc3 Qc7
16.Kb2 O-O 17.h5 Rc8 18.Qd2 a5 19.g5 Nd7 20.a4 b5 21.Ra1 bxa4 22.Rxa4 Bxg5
23.Bxg5 Nb6 24.Rha1 Qc6 25.h6 Nxa4+ 26.Rxa4 Qxa4 27.Be7 f6 28.hxg7 Qd7 29.Qxd6 Qxd6
30.Bxd6 Bxb3 31.cxb3 h5 32.f4 exf4 33.Kc2 f3 34.Bg3 Kxg7 35.Kd3 Kg6 36.Bh4 Rb8
37.Kc4 Re8 38.Kd5 Rd8+  0-1

[Event "Open"]
[Site "Liverpool ENG"]
[Date "2007.09.09"]
[Round "9"]
[White "Reppen,E"]
[Black "Mikkelsen,N"]
[Result "0-1"]
[WhiteElo "1922"]
[BlackElo "2317"]

1.e4 c5 2.Nf3 d6 3.d4 cxd4 4.Nxd4 Nf6 5.Nc3 a6 6.f3 e6 7.Be3 b5 8.Qd2 Nbd7
9.O-O-O Bb7 10.g4 Nb6 11.h4 b4 12.Nb1 d5 13.Nb3 Qc7 14.Qf2 Nfd7 15.Na5 Rc8
16.Nxb7 Qxb7 17.Nd2 Bc5 18.Nb3 Bxe3+ 19.Qxe3 O-O 20.h5 Qc7 21.Qd2 Ne5 22.Bxa6 Ra8
23.Bd3 Nec4 24.Bxc4 Nxc4 25.Qh2 Qa7 26.Nd2 Qxa2 27.Nxc4 dxc4 28.Kd2 Qxb2
29.Ke3 Ra3+ 30.Kf4 Qf6+  0-1

[Event "60th ch-RUS Higher League"]
[Site "Krasnoyarsk RUS"]
[Date "2007.09.11"]
[Round "8"]
[White "Najer,E"]
[Black "Belov,Vl"]
[Result "1/2-1/2"]
[WhiteElo "2623"]
[BlackElo "2590"]

1.e4 c5 2.Nf3 d6 3.d4 cxd4 4.Nxd4 Nf6 5.Nc3 a6 6.f3 e6 7.Be3 b5 8.Qd2 b4
9.Na4 Nbd7 10.c4 bxc3 11.Nxc3 Bb7 12.Be2 Be7 13.O-O O-O 14.Rac1 Qb8 15.b4 Rd8
16.a3 d5 17.exd5 Nxd5 18.Nxd5 Bxd5 19.Bc4 Ne5 20.Bxd5 Rxd5 21.Qe2 Bf6 22.Rc5 Qd6
23.Rxd5 Qxd5  1/2-1/2

[Event "17th ch-EU U16 Boys"]
[Site "Sibenik CRO"]
[Date "2007.09.14"]
[Round "1"]
[White "Onischuk,V"]
[Black "Ivanov L.,S"]
[Result "1-0"]
[WhiteElo "2506"]
[BlackElo "2149"]

1.e4 c5 2.Nf3 d6 3.d4 cxd4 4.Nxd4 Nf6 5.Nc3 a6 6.f3 e5 7.Nb3 Be6 8.Be3 Be7
9.Qd2 Nbd7 10.g4 O-O 11.O-O-O b5 12.g5 b4 13.Ne2 Ne8 14.f4 a5 15.f5 a4 16.Nbd4 exd4
17.Nxd4 b3 18.a3 bxc2 19.Re1 Nc5 20.fxe6 fxe6 21.Bc4 Qd7 22.Qxc2 Rc8 23.Kb1 Kh8
24.Rc1 Nc7 25.Rhd1 Qe8 26.h4 Rb8 27.Re1 Rd8 28.Bg1 Qd7 29.Rcd1 Qe8 30.Bh2 Rc8
31.Qg2 Qf7 32.Nf5 Rfd8 33.Rf1 Qe8 34.Nxd6 Bxd6 35.Rxd6 Rxd6 36.Bxd6 Qc6 37.Bxc5 Qxc5
38.Qf2 Qd6 39.h5 Rb8 40.Ka2 Rd8 41.h6 Qe5 42.hxg7+ Qxg7 43.Qf6 Rb8 44.e5 Re8
45.Rh1 Rf8 46.Qxg7+ Kxg7 47.Bd3 Rh8 48.Rh6 Nd5 49.Rxe6 Nf4 50.Re7+ Kf8 51.Rxh7 Rg8
52.Bc4 Rg7 53.Rxg7 Kxg7 54.Bb5 Kg6 55.Bxa4 Kxg5 56.Bc2 Ne6 57.b4 Nd4 58.Bb3 Kf5
59.e6 Kf6 60.Bc4 Ke7 61.Kb2 Nf5 62.Kc3 Nd6 63.a4 Nc8 64.a5 Kd6 65.Kd4 Ne7
66.b5 Nf5+ 67.Ke4 Ne7 68.b6 Kc6 69.Ke5 Kc5 70.Kf6 Kd6 71.a6  1-0